| 000 | 00451nam a2200181Ia 4500 | ||
|---|---|---|---|
| 008 | 170918s9999 xx 000 0 und d | ||
| 020 | _a590689517 | ||
| 050 | _bS457 2007 | ||
| 100 | _aSeibold, J. Otto | ||
| 245 | _aOlive, the other reindeer / | ||
| 245 | _cJ. Otto Seibold and Vivian Walsh. | ||
| 260 | _aNew York : | ||
| 260 | _bScholastic, | ||
| 300 | _aunpaged : | ||
| 300 | _bcolored illustration ; | ||
| 300 | _c24cm. | ||
| 500 | _a540 | ||
| 999 |
_c341564 _d341564 |
||